000 00459nam a22001697a 4500
003 OSt
005 20260424050025.0
008 260424b |||||||| |||| 00| 0 eng d
040 _aDWCL - Main lib
_cOC
082 _aFic. B227 1957
100 _aBanning, Margaret C.
245 _aThe convert /
_cMargaret C. Banning
260 _aNew York :
_bHarper & Brothers,
_cc1957.
300 _a310 p. ;
_c22 cm.
650 _a1. Fiction
942 _2ddc
_cFIC.
_mFic.
_n0
999 _c9843
_d9843